000 00475nam a2200205Ia 4500
003 OSt
005 20250212105108.0
008 210210b1939 xxu||||| |||| 00| 0 eng d
040 _cAL
041 _aFrench
082 _a444/485
100 _aMALLINSON (V)
_9199313
245 _aEcrire key
260 _aLondon
_bJ M Dent and Sons Ltd.
_c1939
650 _akey
_9199314
650 _aEcrire
_9199315
690 _aFrench
_9199316
906 _a006680
942 _2ddc
_cBK
999 _c129670
_d129670